000 00737cam a22002293a 4500
001 252
003 PGUSA
005 20140828082945.0
008 950401s1995||||xxu|||||s|||||000 | eng d
040 _aPGUSA
_beng
042 _adc
050 4 _aKF
100 1 _aLibrary of Congress. Copyright Office
245 1 0 _aCopyright Law of the United States of America :
_bContained in Title 17 of the United States Code
_h[electronic resource] /
_cLibrary of Congress. Copyright Office
260 _bProject Gutenberg,
_c1995
506 _aPublic domain in the USA.
516 _aElectronic text
653 _aCopyright -- United States
830 0 _aProject Gutenberg
_v252
856 4 0 _uhttp://www.gutenberg.org/ebooks/252
942 _cEB
999 _c229605
_d229605